Statistiques concernant Trouvez le club grâce aux indices #2

Cliquez ici pour prendre le quiz!

Statistiques générales

  • Ce quiz a été pris 149 fois
  • Le résultat moyen est 11 sur 20

Statistiques - réponses

PaysCouleursÉquipementierIndice supplémentaireRéponse% Correct
🇫🇷⬜️🟦Puma⭐️Olympique de Marseille
90%
🇪🇸⬜️Adidas👑Real Madrid
88%
🇫🇷🟧⬛️⬜️Umbro🐟FC Lorient
80%
🇵🇹🟦⬜️New Balance🐉FC Porto
80%
🇮🇹🟥🟨Adidas🐺AS Rome
77%
🇵🇹🟥⬜️Adidas🦅Benfica
70%
🇩🇪🟦⬜️Adidas0️⃣4️⃣Schalke 04
67%
🇲🇽🟨🟦Adidas🐯Tigres
67%
🏴󠁧󠁢󠁥󠁮󠁧󠁿🟥⬛️Adidas😈Manchester United
61%
🇫🇷🟥⬜️Umbro🍾Stade de Reims
57%
🏴󠁧󠁢󠁥󠁮󠁧󠁿🟨⬛️Castore🐺Wolves
53%
🏴󠁧󠁢󠁥󠁮󠁧󠁿🟦🟥Macron🦅Crystal Palace
51%
🇬🇷⬜️🟩Adidas☘️Panathinaikos
46%
🇮🇹🟫⬜️Joma🐂Torino
45%
🇮🇹🟦⬛️Joma👩Atalanta
44%
🇹🇷🟨🟦Puma🌿Fenerbahce
44%
🇩🇪⬜️⬛️🟥Hummel🐐FC Cologne
43%
🏴󠁧󠁢󠁥󠁮󠁧󠁿🟥⬜️Umbro🐝Brentford
41%
🇸🇦🟩⬜️Adidas🌴⚔️Al Ahli
18%
🇪🇸🟥⬜️Adidas🐻Union Berlin
3%

Distribution des résultats

Percentile par nombre de réponses

% des personnes avec chaque résultat

Votre développement - résultats

Vous n’avez pas pris ce quiz